Normal view
MARC view
Entry Personal Name
001 - CONTROL NUMBER
- control field: 3534
003 - CONTROL NUMBER IDENTIFIER
- control field: ARRUPE
005 - DATE AND TIME OF LATEST TRANSACTION
- control field: 20131111122534.0
008 - FIXED-LENGTH DATA ELEMENTS
- fixed length control field: 131111|| aca||aabn | a|a d
040 ## - CATALOGING SOURCE
- Original cataloging agency: ARRUPE
- Transcribing agency: ARRUPE
100 ## - HEADING--PERSONAL NAME
- Personal name: Calmels, Norbert,
- Relator term: compiler.
670 ## - SOURCE DATA FOUND
- Source citation: Work cat.: (ARRUPE)0: Pagnol, Marcel, 1895-1974. 3533, Les Sermons de Marcel Pagnol ..., 1967.